Crossings : how road ecology is shaping the future ... Read More
Available copies
- 3 of 3 copies available at LARL/NWRL Consortium.
- 1 of 1 copy available at Northwest Regional Library. (Show)
Current holds
0 current holds with 3 total copies.
Show Only Available Copies
| Location | Call Number / Copy Notes | Barcode | Shelving Location | Status | Due Date |
|---|---|---|---|---|---|
| Thief River Falls Public Library | 577.27 GOL (Text) | 35500006725293 | Main | Available | - |
| Bagley Public Library | 577.27 GOL (Text) | 33500013882196 | Main | Available | - |
| Detroit Lakes Public Library | 577.27 GOL (Text) | 33500013882188 | Main | Available | - |
Record details
- ISBN: 9781324005896
- ISBN: 1324005890
- Physical Description: x, 370 pages : illustrations ; 24 cm
- Edition: First edition.
- Publisher: New York, NY : W.W. Norton & Company, [2023]
- Copyright: ©2023
Content descriptions
| Bibliography, etc. Note: | Includes bibliographical references (pages ... Read More |
| Formatted Contents Note: | Introduction: The wing of the swallow -- Part I: ... Read More |
| Summary, etc.: | "An eye-opening and witty account of the global ... Read More |
Search for related items by subject
| Genre: | Informational works. |
| LDR | 04098cam a2200661 i 4500 | ||
|---|---|---|---|
| 001 | 420088 | ||
| 003 | LARL_NWRL_CONSORTIUM | ||
| 005 | 20231016150232.0 | ||
| 008 | 230906t20232023nyua e b 001 0 eng d | ||
| 040 | . | ‡aStDuBDS ‡beng ‡erda ‡cPCX ‡dPCX ‡dGO6 ‡dTH8 ‡dZAE ‡dJFL ‡dILC ‡dJTH ‡dCDX ‡dYDX ‡dBDX ‡dLMJ ‡dIOU ‡dUKMGB ‡dTOH ‡dBKL ‡dVP@ ‡dUAH ‡dIMT ‡dTXSCH ‡dORE ‡dTEU | |
| 015 | . | ‡aGBC3D5768 ‡2bnb | |
| 016 | 7 | . | ‡a021143849 ‡2Uk |
| 019 | . | ‡a1362864637 | |
| 020 | . | ‡a9781324005896 ‡q(hardback) | |
| 020 | . | ‡a1324005890 ‡q(hardback) | |
| 020 | . | ‡z9781324005902 ‡q(ePub ebook) | |
| 035 | . | ‡a(OCoLC)1396185975 ‡z(OCoLC)1362864637 | |
| 082 | 0 | 4. | ‡a577.27 ‡223 |
| 100 | 1 | . | ‡aGoldfarb, Ben ‡c(Environmental journalist), ‡eauthor. |
| 245 | 1 | 0. | ‡aCrossings : ‡bhow road ecology is shaping the future of our planet / ‡cBen Goldfarb. |
| 250 | . | ‡aFirst edition. | |
| 264 | 1. | ‡aNew York, NY : ‡bW.W. Norton & Company, ‡c[2023] | |
| 264 | 4. | ‡c©2023 | |
| 300 | . | ‡ax, 370 pages : ‡billustrations ; ‡c24 cm | |
| 336 | . | ‡atext ‡btxt ‡2rdacontent | |
| 337 | . | ‡aunmediated ‡bn ‡2rdamedia | |
| 338 | . | ‡avolume ‡bnc ‡2rdacarrier | |
| 504 | . | ‡aIncludes bibliographical references (pages 307-350) and index. | |
| 505 | 0 | . | ‡aIntroduction: The wing of the swallow -- Part I: Killer on the road. And now the devil-wagon! ; The moving fence ; Hotel California ; In cold blood -- Part II: More than a road. Roads unmade ; The blab of the pave ; Life on the verge ; The necrobiome ; The lost frontier -- Part III: The roads ahead. The graciousness at the heart of creation ; Sentinel roads ; The tsunami ; Reparations -- Epilogue: The anthropause. |
| 520 | . | ‡a"An eye-opening and witty account of the global ecological transformations wrought by roads, from an award-winning author. Some 40 million miles of roadways encircle the earth, but we tend to regard them only as infrastructure for human convenience. In Crossings, Ben Goldfarb delves into the new science of road ecology to explore how roads have transformed our world. Millions of animals are killed by cars each day in the US alone, and roads fragment wildlife populations into inbred clusters, disrupt migration for creatures from antelope to salmon, allow invasive plants to spread and even bend the arc of evolution itself. But road ecologists are also seeking innovative solutions: Goldfarb meets with conservationists building bridges for mountain lions and tunnels for toads, engineers deconstructing logging roads, and citizens working to undo the havoc highways have wreaked upon cities. A sweeping, spirited and timely investigation into how humans have altered the natural world, Crossings also shows us how to create a better future for all living beings" -- ‡cProvided by publisher. | |
| 650 | 0. | ‡aRoads ‡xEnvironmental aspects. | |
| 650 | 0. | ‡aNature ‡xEffect of human beings on. ‡0(LARL_NWRL_CONSORTIUM)25016 | |
| 650 | 0. | ‡aEnvironmental protection. ‡0(LARL_NWRL_CONSORTIUM)19518 | |
| 650 | 0. | ‡aWildlife conservation. ‡0(LARL_NWRL_CONSORTIUM)34462 | |
| 650 | 7. | ‡aConservation of the environment. ‡2thema | |
| 650 | 7. | ‡aHighway & traffic engineering. ‡2thema | |
| 650 | 7. | ‡aWildlife: general interest. ‡2thema | |
| 650 | 7. | ‡aApplied ecology. ‡2thema | |
| 650 | 7. | ‡aEnvironment and Ecology. ‡2ukslc | |
| 655 | 7. | ‡aInformational works. ‡2lcgft | |
| 776 | 0 | 8. | ‡iebook version : ‡z9781324005902 |
| 901 | . | ‡a420088 ‡bOCoLC ‡c420088 ‡tbiblio ‡soclc | |

Add to basket
Permalink
Disable Highlighting